[Event "Pavlodar op"]
[Site "Pavlodar"]
[Date "2017.11.23"]
[Round "4"]
[White "Galymbek, Alikhan"]
[Black "Munkhzul, Davaakhuu"]
[Result "1/2-1/2"]
[WhiteElo "1532"]
[BlackElo "1826"]
[PlyCount "69"]
[EventDate "2017.11.21"]
[EventType "swiss"]
[EventRounds "9"]
[EventCountry "KAZ"]
[SourceTitle "EXT 2019"]
[Source "ChessBase"]
[SourceDate "2018.10.10"]
[SourceVersion "1"]
[SourceVersionDate "2018.10.10"]
[SourceQuality "1"]

1. e4 c5 2. Nf3 e6 3. d4 cxd4 4. Nxd4 Nc6 5. Nc3 Nf6 6. Nxc6 bxc6 7. e5 Nd5 8. Ne4 Qc7 9. f4 Qb6 10. Bd3 Be7 11. Qe2 0-0 12. a3 f5 13. exf6 Nxf6 14. Nxf6+ Bxf6 15. c3 d5 16. Be3 c5 17. 0-0 d4 18. cxd4 cxd4 19. Bf2 Bb7 20. Bc4 Rae8 21. Rae1 Kh8 22. b4 e5 23. fxe5 Rxe5 24. Qa2 h6 25. Rxe5 Bxe5 26. Bd5 Bxd5 27. Qxd5 Qd6 28. Qxd6 Bxd6 29. Rd1 Be5 30. g3 Kg8 31. Rd2 Rd8 32. Kf1 d3 33. b5 Rd7 34. Rd1 Kf7 35. Be3 1/2-1/2